| 000 | 00743nam a22001937a 4500 | ||
|---|---|---|---|
| 005 | 20240103113517.0 | ||
| 010 | _aB-756787-788 | ||
| 020 |
_a9789392594106 _c1900.00 |
||
| 035 | _aB-756787-788 | ||
| 037 | _aSunnvik Books | ||
| 082 | _a020 | ||
| 245 |
_aKnowledge Libranianship: _bA Data-Driven Apporach _cEdit By S. Dhanavandan |
||
| 260 |
_aNew Delhi _bEss Ess Publications _c2023 |
||
| 270 |
_a4831/24, Ansari Road, Daryaganj _bNew Delhi _e110002 |
||
| 300 |
_a312p. _c25cm(Hb) |
||
| 700 |
_aDhanavandan,S _eEditor _960394 |
||
| 942 |
_2ddc _cEN _h020 _mKNO |
||
| 999 |
_c199886 _d199886 |
||